Пути повышения уровня правосознания и правовой грамотности в современном гражданском обществе (Запись № 12433175)
[ простой вид ]
| 000 -МАРКЕР | |
|---|---|
| контрольное поле | 02962nam0a2200397 4500 |
| 001 - ИДЕНТИФИКАТОР ЗАПИСИ | |
| контрольное поле | RU\NLR\BIBL_A\012552044 |
| 005 - ИДЕНТИФИКАТОР ВЕРСИИ | |
| контрольное поле | 20211018131438.0 |
| 010 ## - МЕЖДУНАРОДНЫЙ СТАНДАРТНЫЙ НОМЕР КНИГИ (ISBN) | |
| Номер (ISBN) | 978-5-00128-513-7 |
| Тираж | 500 |
| 021 ## - НОМЕР ГОСУДАРСТВЕННОЙ РЕГИСТРАЦИИ | |
| Код страны | Российская Федерация |
| Номер | КН-П-21-009108 |
| Номер Листа государственной регистраци | КН-П-21-0724 |
| 035 ## - ДРУГИЕ СИСТЕМНЫЕ НОМЕРА | |
| Идентификатор записи | (NLR Aleph) 012552044 |
| 035 ## - ДРУГИЕ СИСТЕМНЫЕ НОМЕРА | |
| Идентификатор записи | (RuMoRGB)010577146 |
| 100 ## - ДАННЫЕ ОБЩЕЙ ОБРАБОТКИ | |
| Данные общей обработки | 20210624d2020 k y0rusy50 ca |
| 101 0# - ЯЗЫК РЕСУРСА | |
| Язык текста, звукозаписи и т.д. | русский |
| 102 ## - СТРАНА ПУБЛИКАЦИИ ИЛИ ПРОИЗВОДСТВА | |
| Страна публикации | Российская Федерация |
| 105 ## - ПОЛЕ КОДИРОВАННЫХ ДАННЫХ: ТЕКСТОВЫЕ МАТЕРИАЛЫ, МОНОГРАФИЧЕСКИЕ | |
| Кодированные данные о монографическом текстовом документе | y|||z|||110zy |
| 181 #0 - ПОЛЕ КОДИРОВАННЫХ ДАННЫХ: ВИД СОДЕРЖАНИЯ | |
| Код вида содержания (ISBD) | i4 |
| Код характеристики содержания (ISBD) | axxe |
| 182 #0 - ПОЛЕ КОДИРОВАННЫХ ДАННЫХ: ТИП СРЕДСТВА | |
| Код типа средства (ISBD) | n - непосредственное |
| 200 1# - ЗАГЛАВИЕ И СВЕДЕНИЯ ОБ ОТВЕТСТВЕННОСТИ | |
| Основное заглавие | Пути повышения уровня правосознания и правовой грамотности в современном гражданском обществе |
| Сведения, относящиеся к заглавию | материалы Международной научно-практической конференции, посвященной 75-летию со дня окончания Великой Отечественной войны (1941-1945 гг.), 30 апреля 2020 г. |
| Первые сведения об ответственности | Чеченский государственный педагогический университет, Институт филологии, истории и права, Кафедра правовых дисциплин, Межрегиональная ассоциация конституционалистов России |
| Последующие сведения об ответственности | редакционная коллегия: Авакьян Сурен Адибекович, профессор, доктор юридических наук, заслуженный деятель науки РФ [и др.] |
| 203 ## - ВИД СОДЕРЖАНИЯ И ТИП СРЕДСТВА | |
| Вид содержания | Текст |
| Дополнительные сведения об издании | визуальный |
| Тип средства | непосредственный |
| 210 ## - ПУБЛИКАЦИЯ, РАСПРОСТРАНЕНИЕ И ДР. | |
| Место издания, распространения и т.д. | Грозный |
| Имя издателя, распространителя и т. д. | ЧГПУ |
| Место издания, распространения и т.д. | Махачкала |
| Имя издателя, распространителя и т. д. | Алеф |
| Дата издания, распространения и т.д. | 2020 |
| 215 ## - ФИЗИЧЕСКАЯ ХАРАКТЕРИСТИКА | |
| Специфическое обозначение материала и объем | 397, [1] с. |
| Размеры | 20 |
| 320 ## - ПРИМЕЧАНИЯ О НАЛИЧИИ В ДОКУМЕНТЕ БИБЛИОГРАФИИ / УКАЗАТЕЛЯ | |
| Текст примечания | Библиогр. в конце ст. и в подстроч. примеч. |
| 606 1# - НАИМЕНОВАНИЕ ТЕМЫ КАК ПРЕДМЕТ | |
| Наименование темы | Право |
| Формальный подзаголовок | Съезды, совещания и т.п |
| Системный номер авторитетной/нормативной записи | 894779 |
| Идентификатор авторитетной/нормативной записи | RU\NLR\AUTH\664055 |
| 606 1# - НАИМЕНОВАНИЕ ТЕМЫ КАК ПРЕДМЕТ | |
| Наименование темы | Правосознание |
| Формальный подзаголовок | Съезды, совещания и т.п |
| Системный номер авторитетной/нормативной записи | 1630362 |
| Идентификатор авторитетной/нормативной записи | RU\NLR\AUTH\66720100 |
| 686 1# - ИНДЕКСЫ ДРУГИХ КЛАССИФИКАЦИЙ | |
| Индекс | Х.я431 |
| 686 1# - ИНДЕКСЫ ДРУГИХ КЛАССИФИКАЦИЙ | |
| Индекс | Х062.003я431 |
| 702 #1 - ИМЯ ЛИЦА - ВТОРИЧНАЯ ОТВЕТСТВЕННОСТЬ | |
| Код отношения | Редактор |
| Графика поля | Кириллица |
| Материалы, к которым относится поле | rus |
| Начальный элемент ввода | Авакьян |
| Часть имени, кроме начального элемента ввода | С. А. |
| Даты | 1940- |
| Расширение инициалов личного имени | Сурен Адибекович |
| Системный номер авторитетной/нормативной записи | 147197 |
| Идентификатор авторитетной/нормативной записи | RU\NLR\AUTH\770147233 |
| 711 12 - НАИМЕНОВАНИЕ ОРГАНИЗАЦИИ - АЛЬТЕРНАТИВНАЯ ОТВЕТСТВЕННОСТЬ | |
| Начальный элемент ввода | "Пути повышения уровня правосознания и правовой грамотности в современном гражданском обществе", международная научно-практическая конференция |
| Место проведения временной организации | Грозный |
| Дата проведения временной организации | 2020 |
| Системный номер авторитетной/нормативной записи | 758643 |
| Идентификатор авторитетной/нормативной записи | RU\NLR\AUTH\880546836 |
| 712 02 - НАИМЕНОВАНИЕ ОРГАНИЗАЦИИ - ВТОРИЧНАЯ ОТВЕТСТВЕННОСТЬ | |
| Код отношения | Прочие |
| Начальный элемент ввода | Чеченский государственный педагогический университет |
| Структурное подразделение | Кафедра правовых дисциплин |
| Идентифицирующий признак | Грозный |
| Системный номер авторитетной/нормативной записи | 758642 |
| Идентификатор авторитетной/нормативной записи | RU\NLR\AUTH\880546835 |
| 942 ## - ДОПОЛНИТЕЛЬНЫЕ ЭЛЕМЕНТЫ ЗАПИСИ (АБИС) | |
| Тип экземпляра АБИС | Книга |
| 980 ## - КОЛЛЕКЦИЯ | |
| Название коллекции | НБР |
| 980 ## - КОЛЛЕКЦИЯ | |
| Название коллекции | Национальная библиография |
Нет доступных экземпляров.